000
00320nam a22001337a 4500
020
_a
978-1-84920-024-0
082
_a
658.4092
100
_a
Gill, Roger
245
_a
Theory and Practice of Leadership
250
_a
2nd
260
_a
London:
_b
SAGE Publications,
_c
2011
300
_a
xix, 532p.: ill.; 24cm
942
_c
BK
999
_c
22198
_d
22198